[Event "GER-chT U12"]
[Site "Muenchen"]
[Date "2022.12.29"]
[Round "6"]
[White "Mueller, Anker"]
[Black "Braun, Julian1111"]
[Result "1-0"]
[WhiteElo "1509"]
[BlackElo "1683"]
[PlyCount "59"]
[EventDate "2022.12.26"]
[EventType "team-swiss"]
[EventRounds "7"]
[EventCountry "GER"]
[SourceTitle "CBM 212 Extra"]
[Source "ChessBase"]
[SourceDate "2023.03.31"]
[SourceVersion "1"]
[SourceVersionDate "2023.03.31"]
[SourceQuality "1"]
[WhiteTeam "Berlin Empor"]
[BlackTeam "Hamburger SK"]
[WhiteTeamCountry "GER"]
[BlackTeamCountry "GER"]

1. e4 e5 2. d4 exd4 3. Qxd4 Nc6 4. Qe3 Nf6 5. Nc3 Bb4 6. Bd2 0-0 7. 0-0-0 Re8 8. Qf4 Bxc3 9. Bxc3 Nxe4 10. Bc4 Ng5 11. h4 Ne6 12. Qg3 Qe7 13. f4 f5 14. Nf3 a6 15. h5 b5 16. Bb3 b4 17. Be5 Nxe5 18. fxe5 Bb7 19. Nh4 Qf7 20. Rdf1 Be4 21. Nf3 h6 22. Nd2 Bc6 23. Rf2 Bb5 24. Nf3 a5 25. Nd4 Bc6 26. Nxf5 Kh8 27. Nxh6 Qe7 28. Nf7+ Kg8 29. h6 Be4 30. Bxe6 1-0

[Event "GER-ch U18 sf Berlin Online"]
[Site "Playchess.com INT"]
[Date "2020.05.01"]
[Round "2"]
[White "Mueller, Anker"]
[Black "Doeding, Alexander Karsten"]
[Result "0-1"]
[WhiteElo "1364"]
[BlackElo "1620"]
[PlyCount "124"]
[EventDate "2020.05.01"]
[EventType "swiss (blitz)"]
[EventRounds "13"]
[EventCountry "GER"]
[SourceTitle "CBM 195 Extra"]
[Source "ChessBase"]
[SourceDate "2020.05.31"]
[SourceVersion "1"]
[SourceVersionDate "2020.05.31"]
[SourceQuality "1"]

1. e4 e5 2. Nf3 Nc6 3. d4 exd4 4. Bc4 Bc5 5. c3 dxc3 6. Bxf7+ Kxf7 7. Qd5+ Ke8 8. Qxc5 Qe7 9. Qxe7+ Ngxe7 10. Nxc3 d6 11. Bg5 Bg4 12. Bxe7 Nxe7 13. Nd5 Nxd5 14. exd5 Kd7 15. 0-0 Rhf8 16. Nh4 g5 17. f3 Bh5 18. g4 gxh4 19. gxh5 Rg8+ 20. Kf2 Raf8 21. Rae1 c6 22. dxc6+ bxc6 23. Rg1 d5 24. Rxg8 Rxg8 25. Rg1 Rxg1 26. Kxg1 Ke6 27. Kf2 Kf5 28. Ke3 Ke5 29. f4+ Kf5 30. Kf3 d4 31. b3 c5 32. a3 h6 33. h3 a5 34. a4 d3 35. Ke3 d2 36. Kxd2 Kxf4 37. Ke2 Kg3 38. Kf1 Kxh3 39. Kg1 Kg3 40. Kh1 h3 41. Kg1 h2+ 42. Kh1 Kg4 43. Kxh2 Kxh5 44. Kh3 Kg5 45. Kg3 h5 46. Kf3 Kf5 47. Kf2 Ke4 48. Ke2 h4 49. Kf2 Kd3 50. Kg2 Kc3 51. Kh2 Kxb3 52. Kh3 c4 53. Kxh4 c3 54. Kg3 c2 55. Kf2 c1Q 56. Ke2 Kc3 57. Kf3 Kd3 58. Kg4 Ke4 59. Kh5 Qg1 60. Kh6 Kf5 61. Kh7 Kf6 62. Kh8 Qg7# 0-1